00492nam a2200169Ia 4500100002600000650000900026942000700035366000700042654001500049245004000064260001600104082001500120300000800135546001200143999001700155952015000172 aSriganesh/Rima Patel  aJava cBK f25 ajava beans aMastering Enterprise Java Beans 3.0 bWileyc2006 a5.133bSRI a685 aENGLISH c26412d26412 001040708CRCaCRCEbCRCEd2023-03-17eMilan Book Supplierg374.25i1932 dt 28/10/2009l0o5.133 SRIp20151r2023-03-17v499.00w0000-00-00yBK